书目信息 |
| 题名: |
数量遗传学原理
|
|
| 作者: | 马瑟尔 著 ;梁中宇 译 | |
| 分册: | ||
| 出版信息: | 北京 人民教育出版社 1979 |
|
| 页数: | 165页 | |
| 开本: | 20cm | |
| 丛书名: | ||
| 单 册: | ||
| 中图分类: | Q34 | |
| 科图分类: | ||
| 主题词: | 数量遗传学 , 遗传学--分类 | |
| 电子资源: | ||
| ISBN: | ||
| 000 | 00679nam0 2200241 45 | |
| 001 | 0179002565 | |
| 005 | 20060310092117.65 | |
| 010 | @dCNY0.49 | |
| 091 | @a14012.021 | |
| 100 | @a19950727d1979 em y0chiy0121 ea | |
| 101 | 1 | @achi@ceng |
| 102 | @aCN@b110000 | |
| 105 | @ay z 000yy | |
| 200 | 10 | @a数量遗传学原理@Ashu liang yi chuan xue yuan li@f(美)W·B·马瑟尔著@F(mei)W·B·ma se er zhu@g梁中宇译 |
| 210 | @a北京@c人民教育出版社@d1979 | |
| 215 | @a165页@d20cm | |
| 606 | @a数量遗传学 | |
| 606 | 0 | @a遗传学@x分类 |
| 690 | @aQ34@v3 | |
| 701 | 0 | @a马瑟尔@Ama se er@4著 |
| 702 | 0 | @a梁中宇@Aliang zhong yu@4译 |
| 801 | 0 | @aCN@bNLC@c20060310 |
| 905 | @f1@b20707@dQ34@e5 | |
| 数量遗传学原理/(美)W·B·马瑟尔著/梁中宇译.-北京:人民教育出版社,1979 |
| 165页;20cm |
| ISBN :CNY0.49 |
| ● |
| 相关链接 |
|
|
|
|
正题名:数量遗传学原理
索取号:Q34/5
 
预约/预借
| 序号 | 登录号 | 条形码 | 馆藏地/架位号 | 状态 | 备注 |
| 1 | 0020703 | 000624195 | 第二样本阅览室/ [索取号:Q34/5] | 在馆 | |
| 2 | 0020704 | 202192091 | 密集书库/ [索取号:Q34/5] | 在馆 | |
| 3 | 0020707 | 000624186 | 第三借阅区/ [索取号:Q34/5] | 在馆 |